[Event "27e Open International Avoine"]
[Site "Espace culturel d'Avoine-37420"]
[Date "2012.07.25"]
[Round "5.18"]
[White "Anton, Teodor"]
[Black "Duval, Claire"]
[Result "1-0"]
[WhiteElo "2423"]
[BlackElo "1760"]
[PlyCount "95"]
[EventDate "2012.??.??"]

1. d4 d5 2. c4 e6 3. Nf3 Nf6 4. Nc3 Nbd7 5. Bg5 Be7 6. e3 O-O 7. Bd3 dxc4 8.
Bxc4 a6 9. a4 c5 10. O-O cxd4 11. exd4 b6 12. d5 Nxd5 13. Bxd5 exd5 14. Bxe7
Qxe7 15. Nxd5 Qd6 16. Re1 Kh8 17. Ne7 Qxd1 18. Rexd1 Nf6 19. Rd6 Rb8 20. Ne5
Be6 21. f4 Rb7 22. N7c6 Ne4 23. Rd4 Nf6 24. Nd8 Re7 25. Nxe6 Rxe6 26. Rc1 Kg8
27. Rc7 h6 28. b4 Ree8 29. Rd6 Re6 30. Rcc6 Rxd6 31. Rxd6 Rb8 32. b5 axb5 33.
axb5 Ne4 34. Rc6 Rd8 35. Kf1 Rd6 36. Ke2 Rxc6 37. bxc6 Nd6 38. Nd7 b5 39. Nb6
Ne8 40. Kd3 Kf8 41. Nd5 Nd6 42. Kd4 Ke8 43. Kc5 Nc8 44. Kxb5 Kd8 45. Kc5 Ke8
46. Nb6 Kd8 47. Nxc8 Kxc8 48. Kd6 1-0

[Event "27e Open International Avoine"]
[Site "Espace culturel d'Avoine-37420"]
[Date "2012.07.25"]
[Round "5.19"]
[White "Guliyev, Namig"]
[Black "Roger, Mehdi"]
[Result "1-0"]
[WhiteElo "2539"]
[BlackElo "2097"]
[PlyCount "89"]
[EventDate "2012.??.??"]

1. e4 c5 2. Nf3 d6 3. d4 cxd4 4. Nxd4 Nf6 5. Nc3 g6 6. Be3 Bg7 7. f3 O-O 8. Qd2
Nc6 9. g4 Be6 10. O-O-O Nxd4 11. Bxd4 Qa5 12. a3 Rfc8 13. h4 Rab8 14. h5 b5 15.
hxg6 b4 16. gxh7+ Kh8 17. Nd5 Bxd5 18. exd5 Qxd5 19. g5 Qa2 20. Qd3 Ne8 21.
axb4 Rxb4 22. Bxg7+ Nxg7 23. Qa3 Qxa3 24. bxa3 Rb3 25. Bd3 Rxa3 26. Kd2 Ne6 27.
Rde1 Nxg5 28. Rxe7 Nxf3+ 29. Ke2 Ne5 30. Bf5 Rf8 31. Rh6 Nc6 32. Re4 d5 33. Rf4
Ne7 34. Bd3 Rc3 35. Rhf6 Nc6 36. Kd2 Rxd3+ 37. cxd3 Nd8 38. Rd6 Kxh7 39. Rxd5
Kg6 40. Rd6+ Kg5 41. Ra4 f5 42. Rxa7 Nf7 43. Re6 Nh8 44. Rg7+ Kf4 45. Rh6 1-0

[Event "27e Open International Avoine"]
[Site "Espace culturel d'Avoine-37420"]
[Date "2012.07.25"]
[Round "5.20"]
[White "Perrin, Guillaume"]
[Black "Delalande, Thierry"]
[Result "1-0"]
[WhiteElo "2349"]
[BlackElo "2055"]
[PlyCount "65"]
[EventDate "2012.??.??"]

1. e4 c5 2. Nf3 d6 3. d4 cxd4 4. Nxd4 Nf6 5. Nc3 a6 6. h3 e6 7. g4 d5 8. exd5
Nxd5 9. Nde2 Bb4 10. Bd2 Nc6 11. Bg2 Nxc3 12. Nxc3 O-O 13. a3 Be7 14. Qf3 Bd7
15. O-O-O Qc8 16. Rhe1 b5 17. Bf4 Be8 18. Bd6 Ra7 19. Qe3 Rd7 20. Ne4 Na5 21.
Qc5 Qxc5 22. Bxc5 Rxd1+ 23. Rxd1 Bxc5 24. Nxc5 Bc6 25. Bxc6 Nxc6 26. Rd6 Rc8
27. Nxa6 Kf8 28. Rd7 Ra8 29. Nc7 Rb8 30. Rd6 Ne5 31. f4 Nc4 32. Rd4 h5 33. a4
1-0

[Event "27e Open International Avoine"]
[Site "Espace culturel d'Avoine-37420"]
[Date "2012.07.25"]
[Round "5.21"]
[White "Dieu, Bruno"]
[Black "Peyre, Thomas"]
[Result "1-0"]
[WhiteElo "2279"]
[BlackElo "2072"]
[PlyCount "67"]
[EventDate "2012.??.??"]

1. Nc3 e6 2. e4 d5 3. d4 Nf6 4. e5 Nfd7 5. Nf3 c5 6. dxc5 a6 7. Bd3 Nc6 8. Bf4
Bxc5 9. O-O b5 10. a3 b4 11. axb4 Nxb4 12. Be2 Bb7 13. Na4 Be7 14. c3 Nc6 15.
Re1 g5 16. Bg3 h5 17. h3 g4 18. hxg4 hxg4 19. Nd4 Ncxe5 20. Bxg4 Nxg4 21. Qxg4
Nf6 22. Qg7 Rg8 23. Qh6 Ne4 24. Be5 Bf8 25. Qh5 Rg5 26. Qh2 Rg6 27. f3 Nd6 28.
b4 Bc8 29. Nc5 Qb6 30. Ra5 Rh6 31. Qf4 Nb5 32. Nxb5 Bxc5+ 33. bxc5 Qxc5+ 34.
Bd4 1-0

[Event "27e Open International Avoine"]
[Site "Espace culturel d'Avoine-37420"]
[Date "2012.07.25"]
[Round "5.22"]
[White "Decosse, Jean-Fabien"]
[Black "Garnier, Teddy"]
[Result "1-0"]
[WhiteElo "2216"]
[BlackElo "2055"]
[PlyCount "77"]
[EventDate "2012.??.??"]

1. d4 Nf6 2. c4 e6 3. Nc3 Bb4 4. Qc2 O-O 5. a3 Bxc3+ 6. Qxc3 b6 7. Nf3 Ne4 8.
Qc2 Bb7 9. e3 d6 10. Be2 f5 11. O-O Nd7 12. b4 Rf6 13. d5 c5 14. dxc6 Bxc6 15.
Nd4 Bb7 16. f3 Rg6 17. Nxe6 Rxe6 18. fxe4 Bxe4 19. Bd3 Rc8 20. Bb2 Qe7 21. Bd4
b5 22. Bxe4 Rxe4 23. Rxf5 bxc4 24. Bxa7 Nf6 25. Bd4 Ng4 26. Rf4 Rxd4 27. exd4
Qe3+ 28. Rf2 Rf8 29. Qxc4+ Kh8 30. Qe2 Qxd4 31. Raf1 Nxf2 32. Rxf2 h6 33. h3 d5
34. b5 Kh7 35. a4 Rxf2 36. Qxf2 Qd1+ 37. Qf1 Qd4+ 38. Kh1 Qxa4 39. Qb1+ 1-0

[Event "27e Open International Avoine"]
[Site "Espace culturel d'Avoine-37420"]
[Date "2012.07.25"]
[Round "5.23"]
[White "Batteux, Mickael"]
[Black "Ribeiro, Romain"]
[Result "0-1"]
[WhiteElo "2034"]
[BlackElo "2204"]
[PlyCount "34"]
[EventDate "2012.??.??"]

1. d4 e6 2. Nf3 b6 3. e3 Bb7 4. Bd3 f5 5. c4 Nf6 6. Nc3 Be7 7. Qc2 O-O 8. e4
fxe4 9. Nxe4 Bb4+ 10. Bd2 Bxd2+ 11. Nfxd2 Nc6 12. Qc3 Nxe4 13. Bxe4 d5 14. Bf3
Qf6 15. Nb3 dxc4 16. Nd2 Rad8 17. O-O Nxd4 0-1

[Event "27e Open International Avoine"]
[Site "Espace culturel d'Avoine-37420"]
[Date "2012.07.25"]
[Round "5.25"]
[White "Derieux, Christian"]
[Black "Marie, Maxime"]
[Result "0-1"]
[WhiteElo "2027"]
[BlackElo "2192"]
[PlyCount "62"]
[EventDate "2012.??.??"]

1. d4 Nf6 2. c4 e6 3. Nc3 Bb4 4. e3 c5 5. Bd3 Nc6 6. a3 Bxc3+ 7. bxc3 d6 8. Ne2
b6 9. e4 e5 10. O-O h6 11. f4 Qe7 12. Ng3 cxd4 13. Qa4 Qd7 14. Nf5 dxc3 15.
Nxg7+ Kf8 16. Nf5 Nd4 17. Qb4 a5 18. Qxc3 Nxe4 19. Qe1 Nc5 20. Nxd4 exd4 21.
Qd1 Bb7 22. f5 Re8 23. Bb1 Re5 24. Ra2 Qc6 25. Qg4 Ne4 26. Re2 Nf6 27. Rxe5
Nxg4 28. Re4 Ne5 29. Rf2 Qxe4 30. Bxe4 Bxe4 31. Bf4 Nxc4 0-1

[Event "27e Open International Avoine"]
[Site "Espace culturel d'Avoine-37420"]
[Date "2012.07.25"]
[Round "5.26"]
[White "Naudion, Gregoire"]
[Black "De La Fontaine, Christophe"]
[Result "1-0"]
[WhiteElo "2175"]
[BlackElo "2035"]
[PlyCount "59"]
[EventDate "2012.??.??"]

1. e4 c5 2. Nf3 d6 3. d4 cxd4 4. Nxd4 Nf6 5. Nc3 a6 6. Be2 e5 7. Nb3 h6 8. O-O
Be6 9. Be3 Be7 10. Qd2 d5 11. exd5 Nxd5 12. Nc5 Nxe3 13. Qxe3 Qb6 14. Nxe6 Qxe6
15. Bf3 Nc6 16. Bd5 Qf5 17. Rfe1 O-O 18. Bxc6 bxc6 19. Qxe5 Qxe5 20. Rxe5 Bf6
21. Rc5 Rab8 22. b3 Rfd8 23. Re1 Rbc8 24. g3 Bd4 25. Rc4 c5 26. Na4 g6 27. Kg2
Kg7 28. Rd1 Re8 29. Kf3 Re5 30. Rdxd4 1-0

[Event "27e Open International Avoine"]
[Site "Espace culturel d'Avoine-37420"]
[Date "2012.07.25"]
[Round "5.27"]
[White "Gesing, Oliver"]
[Black "Jouneau, Quentin"]
[Result "1/2-1/2"]
[WhiteElo "2165"]
[BlackElo "2026"]
[PlyCount "66"]
[EventDate "2012.??.??"]

1. e4 c5 2. b3 Nc6 3. Bb2 e5 4. Nf3 d6 5. Bb5 g6 6. O-O Bg7 7. Bxc6+ bxc6 8. d3
Nf6 9. Nbd2 O-O 10. Nc4 Ne8 11. Nfd2 f5 12. exf5 Rxf5 13. Qe2 Nc7 14. Ne3 Rf7
15. Ne4 Ne6 16. Ba3 a5 17. Qd2 Bh6 18. Qe1 Nd4 19. Qd1 Bf8 20. Kh1 d5 21. Ng3
h5 22. Ne2 Ne6 23. Bb2 Bd6 24. Qd2 Qg5 25. Qe1 Bd7 26. Bc1 Qe7 27. a4 Bc7 28.
f3 Raf8 29. Bd2 Qd8 30. Kg1 Kh7 31. c4 d4 32. Nd1 Re8 33. Nf2 Nf4 1/2-1/2

[Event "27e Open International Avoine"]
[Site "Espace culturel d'Avoine-37420"]
[Date "2012.07.25"]
[Round "5.28"]
[White "Leruste, Georges"]
[Black "Smith, Matthieu"]
[Result "1/2-1/2"]
[WhiteElo "2161"]
[BlackElo "2009"]
[PlyCount "122"]
[EventDate "2012.??.??"]

1. Nf3 Nc6 2. d4 d5 3. g3 Bf5 4. Bg2 Nb4 5. Na3 Be4 6. c3 Na6 7. Nb1 e6 8. Nbd2
Nf6 9. Nxe4 Nxe4 10. Qb3 Qc8 11. Nd2 Nxd2 12. Bxd2 Be7 13. c4 c6 14. Rc1 Qd7
15. O-O O-O 16. Rfd1 Rab8 17. Bf4 Bd6 18. Bxd6 Qxd6 19. Rc3 Nc7 20. Rdc1 Rfd8
21. e3 Ne8 22. c5 Qc7 23. Qc2 e5 24. b4 exd4 25. exd4 a6 26. a4 Nf6 27. Re1 Re8
28. Rce3 Qd7 29. h3 Kf8 30. Re5 Kg8 31. f4 Rxe5 32. Rxe5 Re8 33. Qe2 Kf8 34.
Qd3 Re7 35. Qe2 Qe8 36. g4 Nd7 37. Rxe7 Qxe7 38. Qxe7+ Kxe7 39. Kf2 Nf8 40. Ke3
Ne6 41. b5 axb5 42. axb5 Nc7 43. b6 Na6 44. Bf1 Nb8 45. Bd3 Nd7 46. h4 h6 47.
g5 hxg5 48. fxg5 g6 49. Kf4 Ke8 50. Be2 Ke7 51. Bd3 Nf8 52. Bf1 Nd7 53. Bh3 Ke8
54. Kg3 Ke7 55. h5 gxh5 56. Kh4 Nf8 57. Kxh5 Ne6 58. Bxe6 Kxe6 59. Kg4 Ke7 60.
Kf5 Kd7 61. Kf6 Ke8 1/2-1/2

[Event "27e Open International Avoine"]
[Site "Espace culturel d'Avoine-37420"]
[Date "2012.07.25"]
[Round "5.30"]
[White "Hutois, Mickael"]
[Black "Lesbros, Bernard"]
[Result "0-1"]
[WhiteElo "2153"]
[BlackElo "1989"]
[PlyCount "100"]
[EventDate "2012.??.??"]

1. e4 c5 2. Nf3 d6 3. d4 cxd4 4. Qxd4 a6 5. c4 Nc6 6. Qe3 g6 7. Nc3 Bh6 8. Qd3
Bxc1 9. Rxc1 Nf6 10. Be2 Bg4 11. O-O O-O 12. Qe3 Rc8 13. b3 Qa5 14. Rc2 Bxf3
15. Bxf3 b5 16. cxb5 axb5 17. Rfc1 Nb4 18. Re2 Rc5 19. Rce1 Rfc8 20. Nd5 Nfxd5
21. exd5 Nc2 22. Rxc2 Rxc2 23. h4 R8c7 24. h5 Qd2 25. Qxd2 Rxd2 26. a4 bxa4 27.
bxa4 Ra2 28. Re4 Ra7 29. Bd1 Ra1 30. Rd4 R7xa4 31. Rxa4 Rxd1+ 32. Kh2 Rxd5 33.
hxg6 hxg6 34. Kg3 Kg7 35. Kf3 Kf6 36. Ke3 g5 37. Ra7 e5 38. Rb7 Rd4 39. f3 Ke6
40. Rb8 f5 41. Rg8 g4 42. Ke2 Ra4 43. Rg6+ Kd5 44. Rf6 Ra2+ 45. Kf1 gxf3 46.
gxf3 f4 47. Rf8 Kd4 48. Rb8 Rd2 49. Ke1 Ke3 50. Ra8 Rd3 0-1

[Event "27e Open International Avoine"]
[Site "Espace culturel d'Avoine-37420"]
[Date "2012.07.25"]
[Round "5.32"]
[White "Vekemans, Denis"]
[Black "Salles, Louis"]
[Result "0-1"]
[WhiteElo "1980"]
[BlackElo "2147"]
[PlyCount "28"]
[EventDate "2012.??.??"]

1. b4 e5 2. Bb2 Bxb4 3. f4 d6 4. Nf3 f6 5. e4 Be6 6. a3 Ba5 7. g3 Nd7 8. Bg2 c6
9. O-O Qb6+ 10. d4 Qxb2 11. fxe5 Qxa1 12. exd6 Bc4 13. Rf2 Ba2 14. Nfd2 Bxd2
0-1

[Event "27e Open International Avoine"]
[Site "Espace culturel d'Avoine-37420"]
[Date "2012.07.25"]
[Round "5.33"]
[White "Wenzel, Johannes"]
[Black "Tache, Benjamin"]
[Result "1-0"]
[WhiteElo "2136"]
[BlackElo "1985"]
[PlyCount "107"]
[EventDate "2012.??.??"]

1. Nf3 c5 2. c4 Nc6 3. Nc3 e5 4. g3 g6 5. Bg2 Bg7 6. d3 Nge7 7. Nd2 O-O 8. Nf1
f5 9. Ne3 d6 10. Ned5 Nxd5 11. Nxd5 Be6 12. O-O Qd7 13. Rb1 Rae8 14. Bd2 h6 15.
b4 b6 16. Re1 Ne7 17. Nxe7+ Qxe7 18. bxc5 dxc5 19. Qc1 g5 20. a4 f4 21. a5 fxg3
22. fxg3 Qd6 23. axb6 axb6 24. Bc3 Bg4 25. Qb2 Rf6 26. Rf1 Ref8 27. Rxf6 Bxf6
28. h3 Bh5 29. g4 Bf7 30. Qxb6 Qe7 31. Qb7 Qd8 32. Qc6 Kg7 33. Qxc5 Re8 34. Be4
h5 35. Rb7 Kg8 36. Qc7 Qxc7 37. Rxc7 hxg4 38. hxg4 Bd8 39. Rb7 Kg7 40. Bd5 Re7
41. Rxe7 Bxe7 42. Bxe5+ Kf8 43. Bxf7 Kxf7 44. Kg2 Ke6 45. Kf3 Kxe5 46. e3 Ba3
47. d4+ Ke6 48. e4 Bc1 49. e5 Bb2 50. Ke4 Ba3 51. c5 Kd7 52. Kf5 Bc1 53. Kf6
Be3 54. Kf7 1-0

[Event "27e Open International Avoine"]
[Site "Espace culturel d'Avoine-37420"]
[Date "2012.07.25"]
[Round "5.34"]
[White "Foussard, Gervais"]
[Black "Eden, James"]
[Result "0-1"]
[WhiteElo "1950"]
[BlackElo "2129"]
[PlyCount "144"]
[EventDate "2012.??.??"]

1. Nf3 Nf6 2. g3 g6 3. Bg2 Bg7 4. O-O O-O 5. d4 d5 6. c4 c6 7. Nc3 dxc4 8. Ne5
Be6 9. a4 Nbd7 10. Nf3 h6 11. e4 Bg4 12. Qe2 e5 13. Rd1 Qe7 14. Qxc4 exd4 15.
Rxd4 Bxf3 16. Bxf3 Ne5 17. Qe2 Nxf3+ 18. Qxf3 Nd7 19. Rd1 Nc5 20. Bf4 Rad8 21.
h4 Nb3 22. Rxd8 Rxd8 23. Rd1 Nd4 24. Qe3 Kh7 25. Kg2 Qb4 26. Qc1 Nb3 27. Qe3
Rxd1 28. Nxd1 Qxa4 29. e5 Nd4 30. Nc3 Qc4 31. Ne4 Qd5 32. Kg1 a5 33. Nf6+ Bxf6
34. exf6 Nf3+ 35. Kf1 Nh2+ 36. Kg1 Ng4 37. Qe7 Qe6 38. Qxb7 Qxf6 39. Qb6 g5 40.
hxg5 hxg5 41. Bd2 Qf3 42. Bc3 Qd1+ 43. Kg2 Qd5+ 44. Kg1 a4 45. Qb4 Qf5 46. Qd4
f6 47. Qa7+ Kg6 48. Bd4 Qe4 49. Bc3 Ne5 50. Qb8 Nf3+ 51. Kf1 Qd5 52. Qf8 Qe6
53. Qb4 g4 54. Qxa4 Qf5 55. Qd1 Ng5 56. Bd2 Ne4 57. Bf4 Qh5 58. Kg2 Qf5 59. Qb3
Qd7 60. Qg8+ Kf5 61. Qc4 Qd1 62. Be3 Qd6 63. Bf4 Qc5 64. Qxc5+ Nxc5 65. Be3 Na4
66. f3 gxf3+ 67. Kxf3 Nxb2 68. g4+ Kg6 69. Ke4 Nc4 70. Bf4 Nb6 71. g5 fxg5 72.
Bg3 Nd7 0-1

[Event "27e Open International Avoine"]
[Site "Espace culturel d'Avoine-37420"]
[Date "2012.07.25"]
[Round "5.35"]
[White "Lavanchy, Marc-Henri"]
[Black "Maleki, Nicolas"]
[Result "0-1"]
[WhiteElo "1930"]
[BlackElo "2117"]
[PlyCount "50"]
[EventDate "2012.??.??"]

1. c4 Nf6 2. Nf3 b6 3. g3 Bb7 4. Bg2 e6 5. O-O Be7 6. d4 O-O 7. Nc3 d6 8. Qc2
Nbd7 9. e4 e5 10. dxe5 dxe5 11. Rd1 Qb8 12. Nd5 Nxd5 13. cxd5 Bd6 14. a3 a5 15.
Be3 Qe8 16. Bf1 Qe7 17. Qc3 f5 18. exf5 Rxf5 19. Nh4 Rh5 20. Bh3 Rf8 21. Be6+
Kh8 22. Qc4 Bc5 23. Qg4 Bxe3 24. Qxh5 Bxf2+ 25. Kh1 Qxe6 0-1

[Event "27e Open International Avoine"]
[Site "Espace culturel d'Avoine-37420"]
[Date "2012.07.25"]
[Round "5.36"]
[White "Devallee, Jeremie"]
[Black "Augereau, Cyrille"]
[Result "1-0"]
[WhiteElo "2106"]
[BlackElo "1942"]
[PlyCount "79"]
[EventDate "2012.??.??"]

1. e4 e6 2. d4 d5 3. e5 c5 4. c3 Qb6 5. Nf3 Bd7 6. Bd3 Bb5 7. dxc5 Bxc5 8. b4
Bf8 9. O-O Bxd3 10. Qxd3 Nh6 11. Be3 Qc7 12. Na3 Nc6 13. Nb5 Qb8 14. Nfd4 a6
15. Nxc6 bxc6 16. Bxh6 gxh6 17. Nd4 Qxe5 18. Rae1 Qc7 19. f4 Bd6 20. Rf3 Kd7
21. Rg3 c5 22. Nxe6 fxe6 23. Rg7+ Be7 24. Qxd5+ exd5 25. Rexe7+ Kd6 26. Rxc7
cxb4 27. cxb4 Rab8 28. a3 a5 29. Rgd7+ Ke6 30. f5+ Kxf5 31. Rxd5+ Ke4 32. Rxa5
Rbd8 33. Rc4+ Kd3 34. Rg4 Rhe8 35. h3 Re2 36. Rh4 Rd6 37. a4 Kc3 38. b5 Rd1+
39. Kh2 Ree1 40. Rxh6 1-0

[Event "27e Open International Avoine"]
[Site "Espace culturel d'Avoine-37420"]
[Date "2012.07.25"]
[Round "5.38"]
[White "Pietrasanta, Jeremy"]
[Black "Auvray, Juliette"]
[Result "1-0"]
[WhiteElo "2272"]
[BlackElo "1941"]
[PlyCount "61"]
[EventDate "2012.??.??"]

1. c4 e5 2. Nc3 Nf6 3. g3 d5 4. cxd5 Nxd5 5. Bg2 Nb6 6. d3 Be7 7. a4 a5 8. Be3
Ra6 9. Nf3 Nc6 10. Rc1 O-O 11. Ne4 Nd5 12. Bc5 Bxc5 13. Rxc5 Rb6 14. Nxe5 Nxe5
15. Rxd5 Qe7 16. Qc2 Nc6 17. Rc5 f5 18. Nd2 Rxb2 19. Qc3 Rb6 20. e3 f4 21. gxf4
Rxf4 22. Bxc6 Rxc6 23. Rxc6 bxc6 24. Rg1 Rf8 25. Qxa5 Qf6 26. f4 Re8 27. Ne4
Qh4+ 28. Rg3 Qe7 29. Qh5 Rd8 30. Qc5 Qe6 31. Qg5 1-0

[Event "27e Open International Avoine"]
[Site "Espace culturel d'Avoine-37420"]
[Date "2012.07.25"]
[Round "5.39"]
[White "Mostertman, Milan"]
[Black "Lombart, Philippe"]
[Result "1-0"]
[WhiteElo "2248"]
[BlackElo "1938"]
[PlyCount "93"]
[EventDate "2012.??.??"]

1. e4 e5 2. Nf3 Nc6 3. Bc4 Nf6 4. Ng5 d5 5. exd5 Na5 6. Bb5+ c6 7. dxc6 bxc6 8.
Bd3 Be7 9. O-O O-O 10. Re1 h6 11. Nf3 Bg4 12. h3 Bh5 13. g4 e4 14. Bxe4 Nxe4
15. Rxe4 Bg6 16. Re1 Bf6 17. Nc3 Rb8 18. b3 c5 19. Ba3 Rb4 20. Rc1 Rf4 21. Bxc5
Re8 22. Rxe8+ Qxe8 23. Bd6 Re4 24. Nxe4 Bxe4 25. Bb4 Qc6 26. Ne1 Nb7 27. d3 Bg6
28. Qf3 Qd7 29. c4 Nd8 30. Qd5 Qe8 31. c5 Nc6 32. Nc2 Ne5 33. Re1 Qb8 34. Bc3
Nxd3 35. Bxf6 Nxe1 36. Nxe1 gxf6 37. f3 Qg3+ 38. Ng2 f5 39. c6 fxg4 40. hxg4
Qc7 41. Qd7 Qb6+ 42. Kh1 Qf2 43. c7 Qxf3 44. c8=Q+ Kh7 45. Qd4 Be4 46. Qch8+
Kg6 47. Qhg7# 1-0

[Event "27e Open International Avoine"]
[Site "Espace culturel d'Avoine-37420"]
[Date "2012.07.25"]
[Round "5.40"]
[White "Lafrechoux, Laurent"]
[Black "Duhayon, Yves"]
[Result "0-1"]
[WhiteElo "1922"]
[BlackElo "2221"]
[PlyCount "38"]
[EventDate "2012.??.??"]

1. e4 e5 2. d4 exd4 3. c3 d5 4. Qxd4 Nf6 5. Bg5 dxe4 6. Qxd8+ Kxd8 7. Nd2 Bf5
8. O-O-O Nbd7 9. Nc4 Bc5 10. f3 Kc8 11. Ne3 Be6 12. b4 Bxe3+ 13. Bxe3 a5 14. b5
Bxa2 15. c4 a4 16. Kb2 Bb3 17. Re1 Ne5 18. Bd4 Nxc4+ 19. Kc3 Nd5# 0-1

[Event "27e Open International Avoine"]
[Site "Espace culturel d'Avoine-37420"]
[Date "2012.07.25"]
[Round "5.41"]
[White "Come, Alexandre"]
[Black "Letonnelier, Jean-Pierre"]
[Result "1-0"]
[WhiteElo "2204"]
[BlackElo "1915"]
[PlyCount "141"]
[EventDate "2012.??.??"]

1. e4 e6 2. b3 d5 3. Bb2 Nf6 4. e5 Nfd7 5. Qg4 h5 6. Qg3 g6 7. f4 Bg7 8. Nf3
Nc5 9. Ng5 Nc6 10. d4 Ne4 11. Nxe4 dxe4 12. Nc3 Qxd4 13. Rd1 Qb4 14. a3 Qe7 15.
Nxe4 Bd7 16. Be2 O-O-O 17. O-O h4 18. Qe3 Kb8 19. Bf3 Bc8 20. c4 Rxd1 21. Rxd1
Rd8 22. Qe2 Rxd1+ 23. Qxd1 Qd7 24. Ng5 Qe7 25. Ne4 Qd7 26. b4 Qxd1+ 27. Bxd1
Bh6 28. g3 hxg3 29. hxg3 b6 30. Bf3 Bb7 31. Kg2 Ne7 32. Bd4 Nc6 33. Bf2 Ne7 34.
Nf6 Bxf3+ 35. Kxf3 Kc8 36. Ne4 Kd7 37. g4 Nc6 38. Be3 Bg7 39. Ng5 Ke8 40. Ke4
Bh8 41. Nf3 f5+ 42. exf6 Bxf6 43. Bd4 Nxd4 44. Nxd4 Kd7 45. Nf3 Ke7 46. Ne5 g5
47. Nc6+ Kd6 48. Nxa7 gxf4 49. Nb5+ Kd7 50. Kxf4 c6 51. Na7 Bb2 52. a4 Bc3 53.
b5 cxb5 54. axb5 Kd6 55. Nc6 Bd2+ 56. Ke4 Kc5 57. Ne5 Bg5 58. Nf7 Bf6 59. Ne5
Bg5 60. Kd3 Bd8 61. Nf7 Bf6 62. g5 Bg7 63. Nh6 Kd6 64. Ke4 Kd7 65. Nf7 Ke7 66.
Ne5 Kd6 67. Nd3 Bc3 68. g6 Bg7 69. Nf4 Be5 70. Nh5 Ba1 71. g7 1-0

[Event "27e Open International Avoine"]
[Site "Espace culturel d'Avoine-37420"]
[Date "2012.07.25"]
[Round "5.42"]
[White "El Fakkak, Radouan"]
[Black "Purenne, Benoit"]
[Result "0-1"]
[WhiteElo "1913"]
[BlackElo "2167"]
[PlyCount "74"]
[EventDate "2012.??.??"]

1. e4 g6 2. Nc3 c6 3. d4 d5 4. Nf3 Bg7 5. Be3 dxe4 6. Nxe4 Nh6 7. Bc4 O-O 8.
O-O Nd7 9. c3 Nb6 10. Bb3 Nd5 11. Bg5 Nf5 12. Re1 h6 13. Bd2 Qc7 14. Qc1 Kh7
15. a4 a5 16. Nc5 e6 17. Nd3 Rd8 18. Qc2 b6 19. Rad1 Bb7 20. Nde5 c5 21. dxc5
bxc5 22. h4 Nxh4 23. Nxh4 Bxe5 24. Bc4 Bf6 25. Nxg6 fxg6 26. Rxe6 Qf7 27. Rde1
Re8 28. R6e4 Rxe4 29. Rxe4 Re8 30. Rg4 Kg7 31. Bd3 g5 32. f4 Ne3 33. Bxe3 Rxe3
34. Qd2 Qe6 35. fxg5 Bxg5 36. Rxg5+ hxg5 37. Kf2 Re5 0-1

[Event "27e Open International Avoine"]
[Site "Espace culturel d'Avoine-37420"]
[Date "2012.07.25"]
[Round "5.44"]
[White "Le Goff, Ronan"]
[Black "Potaux, Olivier"]
[Result "1-0"]
[WhiteElo "2124"]
[BlackElo "1891"]
[PlyCount "77"]
[EventDate "2012.??.??"]

1. d4 Nf6 2. Nf3 e6 3. g3 c5 4. e3 Nc6 5. Bg2 d5 6. O-O Bd6 7. a3 a5 8. b3 O-O
9. Bb2 b6 10. Re1 Bb7 11. Ne5 Nd7 12. f4 Rc8 13. Nd2 f6 14. Nd3 f5 15. Qe2 Ba6
16. c4 dxc4 17. bxc4 Be7 18. d5 exd5 19. Bxd5+ Kh8 20. Qg2 Qc7 21. e4 fxe4 22.
Bxe4 Bf6 23. Qh3 h6 24. Bxf6 Nxf6 25. Bxc6 Qxc6 26. Ne5 Qd6 27. Ndf3 Kg8 28.
Rad1 Qc7 29. Qe6+ Kh7 30. Qf5+ Kg8 31. Qe6+ Kh7 32. Nh4 Rcd8 33. Qf5+ Kg8 34.
Qe6+ Kh7 35. Qf5+ Kg8 36. Rxd8 Qxd8 37. Qe6+ Kh7 38. Qf5+ Kg8 39. Nc6 1-0

[Event "27e Open International Avoine"]
[Site "Espace culturel d'Avoine-37420"]
[Date "2012.07.25"]
[Round "5.45"]
[White "Oney, Remel"]
[Black "Lebret, Jean-Michel"]
[Result "0-1"]
[WhiteElo "1814"]
[BlackElo "2101"]
[PlyCount "54"]
[EventDate "2012.??.??"]

1. d4 Nf6 2. c4 c5 3. d5 e5 4. Nc3 d6 5. e4 Be7 6. Nf3 Nbd7 7. Be2 Nf8 8. h3 h5
9. b4 cxb4 10. Qa4+ N6d7 11. Qxb4 Nc5 12. Be3 Nfd7 13. O-O g5 14. Rad1 g4 15.
hxg4 hxg4 16. Nh2 Bg5 17. Bxg4 Bxe3 18. fxe3 Qg5 19. Rf3 Rxh2 20. Bxd7+ Bxd7
21. Kxh2 Bg4 22. Qb5+ Ke7 23. Rdf1 Qh4+ 24. Rh3 Bxh3 25. gxh3 Rg8 26. Ne2 Qxe4
27. Ng3 Qc2+ 0-1

[Event "27e Open International Avoine"]
[Site "Espace culturel d'Avoine-37420"]
[Date "2012.07.25"]
[Round "5.46"]
[White "Navrotescu, Andreea-Cristiana"]
[Black "Dorval, Olivier"]
[Result "1-0"]
[WhiteElo "2100"]
[BlackElo "1890"]
[PlyCount "79"]
[EventDate "2012.??.??"]

1. d4 f5 2. Nf3 Nf6 3. g3 e6 4. Bg2 d5 5. O-O Bd6 6. c4 c6 7. Nc3 O-O 8. Qc2
Ne4 9. Bf4 Bxf4 10. gxf4 Nd7 11. b4 Ndf6 12. Ne5 Nxc3 13. Qxc3 Ng4 14. a4 Nxe5
15. dxe5 Qh4 16. e3 g5 17. cxd5 exd5 18. b5 Bd7 19. bxc6 bxc6 20. e6 Be8 21.
Rab1 g4 22. Rb7 Qf6 23. Qd4 Qxd4 24. exd4 Rf6 25. Re1 h5 26. a5 h4 27. a6 Rg6
28. Re5 g3 29. fxg3 hxg3 30. hxg3 Rxg3 31. Rxf5 Bg6 32. Rg5 Rxg5 33. fxg5 Bd3
34. Bf1 Bxf1 35. Kxf1 Re8 36. e7 Kf7 37. Rxa7 Kg6 38. Rb7 Kxg5 39. a7 Ra8 40.
Rb8 1-0

[Event "27e Open International Avoine"]
[Site "Espace culturel d'Avoine-37420"]
[Date "2012.07.25"]
[Round "5.47"]
[White "Jouhaneau, Jacques"]
[Black "Haussernot, Cecile"]
[Result "0-1"]
[WhiteElo "1794"]
[BlackElo "2099"]
[PlyCount "133"]
[EventDate "2012.??.??"]

1. c4 e5 2. Nc3 Nf6 3. Nf3 Nc6 4. g3 Bc5 5. Bg2 O-O 6. d3 d6 7. O-O h6 8. a3 a5
9. Rb1 Bg4 10. h3 Be6 11. e3 Ba7 12. b4 axb4 13. axb4 Qd7 14. b5 Ne7 15. Kh2 e4
16. Nd2 exd3 17. Bxb7 Bxh3 18. Bxa8 Bxf1 19. Qxf1 Rxa8 20. Qxd3 Ng4+ 21. Kg1
Ne5 22. Qe4 Rb8 23. Ne2 f5 24. Qh1 d5 25. Bb2 dxc4 26. Bxe5 Qxd2 27. Qf3 Qd7
28. Qf4 Qd3 29. Rc1 Qxe2 30. Bxc7 Rxb5 31. Qxc4+ Qxc4 32. Rxc4 Rc5 33. Rxc5
Bxc5 34. Kg2 Kf7 35. Ba5 g5 36. Kf3 Ke6 37. Bd2 Kd5 38. g4 fxg4+ 39. Kxg4 Ke4
40. Bc1 Nd5 41. Bb2 Bf8 42. Ba1 Be7 43. Kh5 Kf5 44. Kxh6 g4 45. Bd4 Bf6 46. Bc5
Bg5+ 47. Kg7 Nxe3 48. fxe3 g3 49. e4+ Kxe4 50. Kg6 Be3 51. Bd6 g2 52. Bh2 Kf3
53. Kh5 Kf2 54. Kg4 Kf1 55. Kf3 Bc5 56. Ke4 Bd6 57. Bxd6 g1=Q 58. Be5 Qg6+ 59.
Kf4 Ke2 60. Bd4 Kd3 61. Bf2 Qf6+ 62. Kg3 Ke4 63. Kg2 Qf3+ 64. Kg1 Kd3 65. Ba7
Ke2 66. Bb6 Qh3 67. Ba7 0-1

[Event "27e Open International Avoine"]
[Site "Espace culturel d'Avoine-37420"]
[Date "2012.07.25"]
[Round "5.49"]
[White "Chandran, Franck"]
[Black "Leriche, Luc"]
[Result "0-1"]
[WhiteElo "1706"]
[BlackElo "2084"]
[PlyCount "56"]
[EventDate "2012.??.??"]

1. d4 c5 2. e3 cxd4 3. exd4 d5 4. Nf3 Bg4 5. Bd3 Nc6 6. c3 e6 7. Nbd2 Bd6 8.
Qa4 Qc7 9. h3 Bh5 10. O-O Nf6 11. c4 dxc4 12. Bxc4 O-O 13. Bd3 Nb4 14. Bb1 Rfc8
15. a3 Nbd5 16. Ne4 Bxf3 17. Nxf6+ Nxf6 18. gxf3 Bf4 19. Bd3 Bxc1 20. Raxc1 Qf4
21. Rxc8+ Rxc8 22. Bc2 Nd5 23. Qd7 Rf8 24. Rd1 Qg5+ 25. Kf1 Nf4 26. Qxb7 Qg2+
27. Ke1 Nxh3 28. Qxa7 Qxf2# 0-1